Normal view
MARC view
- الحسيني، محمود أبو الفيض المنوفي
Entry Personal Name
001 - CONTROL NUMBER
- control field: 12910
003 - CONTROL NUMBER IDENTIFIER
- control field: JO-AjAnu
005 - DATE AND TIME OF LATEST TRANSACTION
- control field: 20230606072352.0
008 - FIXED-LENGTH DATA ELEMENTS
- fixed length control field: 230606|| aca||aabn | a|a d
040 ## - CATALOGING SOURCE
- Original cataloging agency: JO-AjAnu
- Transcribing agency: JO-AjAnu
100 ## - HEADING--PERSONAL NAME
- Personal name: الحسيني، محمود أبو الفيض المنوفي
670 ## - SOURCE DATA FOUND
- Source citation: Work cat.: (JO-AjAnu)6644: الحسيني، محمود أبو الفيض المنوفي, author, سيرة سيد المرسلين صاحب الشريعة الإسلامية ورسول الله النبي محمد، ج2